000
00246nam a2200109Ia 4500
008
190216s9999||||xx |||||||||||||| ||und||
100
_a
Nagaratnam
245
0
_a
Management Accounting
260
_b
S Chand & Co
_c
1977
300
_a
386p
942
_c
BK
999
_c
4317
_d
4317